Every Oklahoma City Thunder Player by Picture - Statistics

General Stats
  • This quiz has been taken 303 times
    22 since last reset
  • The average score is 62 of 165
Answer Stats
Picture Answer % Correct
Jalen Williams
100%
Josh Giddey
100%
Luguentz Dort
100%
Russell Westbrook
100%
Shai Gilgeous-Alexander
100%
Steven Adams
100%
Kenrich Williams
95%
Aaron Wiggins
89%
Chet Holmgren
84%
Isaiah Joe
84%
Kevin Durant
84%
Paul George
84%
Alex Caruso
79%
Al Horford
79%
Carmelo Anthony
79%
Cason Wallace
79%
Chris Paul
79%
Dennis Schroder
79%
Isaiah Hartenstein
79%
James Harden
79%
Jared McCain
79%
Jaylin Williams
79%
Ajay Mitchell
74%
Serge Ibaka
74%
Domantas Sabonis
68%
Gordon Hayward
68%
Kendrick Perkins
68%
Victor Oladipo
68%
Andre Roberson
63%
Danilo Gallinari
63%
Darius Bazley
63%
Enes Freedom
63%
Jerami Grant
63%
Ousmane Dieng
63%
Tre Mann
63%
Aleksej Pokusevski
58%
Branden Carlson
58%
Hamidou Diallo
58%
Markieff Morris
58%
Mike Muscala
58%
Nate Robinson
58%
Nerlens Noel
58%
Nick Collison
58%
Shaun Livingston
58%
Ty Jerome
58%
Corey Brewer
53%
Jeff Green
53%
Raymond Felton
53%
Reggie Jackson
53%
Taj Gibson
53%
Terrance Ferguson
53%
Alex Abrines
47%
Bismack Biyombo
47%
Brooks Barnhizer
47%
Cameron Payne
47%
Dario Saric
47%
Davis Bertans
47%
George Hill
47%
Isaiah Roby
47%
Ish Smith
47%
Jeremiah Robinson-Earl
47%
Jeremy Lamb
47%
Kyle Singler
47%
Lindy Waters III
47%
Patrick Patterson
47%
Thabo Sefolosha
47%
Abdel Nader
42%
Anthony Morrow
42%
Chris Youngblood
42%
Derek Fisher
42%
Derrick Favors
42%
Dion Waiters
42%
Svi Mykhailiuk
42%
Theo Maledon
42%
Dillon Jones
37%
D.J. Augustin
37%
Moses Brown
37%
Norris Cole
37%
Olivier Sarr
37%
Tony Bradley
37%
Vasilije Micic
37%
Alex Ducas
32%
Caron Butler
32%
Doug McDermott
32%
Ersan Ilyasova
32%
Kevin Martin
32%
Mitch McGary
32%
Steve Novak
32%
Vit Krejci
32%
Adam Flagler
26%
Gabriel Deck
26%
Josh Huestis
26%
Keyontae Johnson
26%
Payton Sandfort
26%
Randy Foye
26%
Semaj Christon
26%
Buddy Boeheim
21%
Chris Wilcox
21%
Cole Aldrich
21%
Daequan Cook
21%
Deonte Burton
21%
Devon Hall
21%
D.J. White
21%
Eric Maynor
21%
Eugene Omoruyi
21%
Hasheem Thabeet
21%
Jared Butler
21%
Joe Smith
21%
Joffrey Lauvergne
21%
Justin Jackson
21%
Nenad Krstic
21%
Perry Jones
21%
Royal Ivey
21%
Sebastian Telfair
21%
Timothe Luwawu-Cabarrot
21%
Zavier Simpson
21%
Byron Mullens
16%
Charlie Brown Jr.
16%
Earl Watson
16%
Jaylen Hoard
16%
Lance Thomas
16%
Malevy Leons
16%
Nazr Mohammed
16%
PJ Dozier
16%
Alex Reese
11%
Chucky Atkins
11%
Dakari Johnson
11%
Damien Wilkins
11%
Daniel Hamilton
11%
DeAndre Liggins
11%
Desmond Mason
11%
Etan Thomas
11%
Johan Petro
11%
Josh Hall
11%
Kyle Weaver
11%
Lazar Hayward
11%
Mouhamed Sene
11%
Reggie Williams
11%
Rob Edwards
11%
Robert Swift
11%
Steven Hill
11%
Antonio Anderson
5%
Daniel Orton
5%
Darius Miller
5%
Georgios Kalaitzakis
5%
Grant Jerrett
5%
Justin Patton
5%
Justin Robinson
5%
Kevin Hervey
5%
Kevin Ollie
5%
Malik Rose
5%
Mamadi Diakite
5%
Melvin Frazier
5%
Morris Peterson
5%
Mustafa Shakur
5%
Ronnie Brewer
5%
Ryan Gomes
5%
Scotty Hopson
5%
Tyler Davis
5%
Donte Grantham
0%
Jawun Evans
0%
Mike Wilks
0%
Paul Watson
0%
Ryan Bowen
0%
Ryan Reid
0%
No matching quizzes found
Score Distribution
Percent of People with Each Score
Percentile by Number Answered
Your Score History
You have not taken this quiz since the last reset